Esthétique du montage (notice n° 1567385)
[ vue normale ]
| 000 -LEADER | |
|---|---|
| fixed length control field | 01020cam a2200133 4500500 |
| 005 - DATE AND TIME OF LATEST TRANSACTION | |
| control field | 20251214002751.0 |
| 041 ## - LANGUAGE CODE | |
| Language code of text/sound track or separate title | fre |
| 042 ## - AUTHENTICATION CODE | |
| Authentication code | dc |
| 100 10 - MAIN ENTRY--PERSONAL NAME | |
| Personal name | Amiel, Vincent |
| Relator term | author |
| 245 00 - TITLE STATEMENT | |
| Title | Esthétique du montage |
| 260 ## - PUBLICATION, DISTRIBUTION, ETC. | |
| Name of publisher, distributor, etc. | Armand Colin,<br/> |
| Date of publication, distribution, etc. | 2022.<br/> |
| 520 ## - SUMMARY, ETC. | |
| Summary, etc. | Associer des images en un certain ordre, les agencer selon un certain rythme, créer des ruptures ou des continuités, tel est l’art du montage.L’auteur trace un captivant panorama des différentes conceptions du montage tout au long de l’histoire du cinéma et propose une analyse de cette technique au cœur de nombreux domaines de représentations audio-visuelles.À travers de multiples exemples de montage de films, notamment ceux d’Orson Welles, de Maurice Pialat ou encore de Martin Scorsese, il montre en quoi l’évolution des techniques et des pratiques de montage influe naturellement sur l’esthétique des films. |
| 856 41 - ELECTRONIC LOCATION AND ACCESS | |
| Uniform Resource Identifier | <a href="https://shs.cairn.info/esthetique-du-montage--9782200630034?lang=fr&redirect-ssocas=7080">https://shs.cairn.info/esthetique-du-montage--9782200630034?lang=fr&redirect-ssocas=7080</a> |
Pas d'exemplaire disponible.




Réseaux sociaux